Statistics for Pakistan Country Quiz

Click here to take the quiz!

General Stats

  • This quiz has been taken 42 times
  • The average score is 12 of 18

Answer Stats

Question Answer % Correct
CapitalIslamabad
100%
Official ReligionIslam
92%
National LanguageUrdu
92%
Largest CityKarachi
89%
Area disputed with IndiaKashmir
86%
Popular SportCricket
83%
CurrencyRupee
83%
Highest MountainK2
78%
Longest RiverIndus/Sindh
78%
Bordering SeaArabian Sea
75%
National SportField Hockey
67%
Largest Province by PopulationPunjab
67%
Official LanguageEnglish
61%
Largest Province by AreaBalochistan
58%
Founding FatherMuhammad Ali Jinnah
56%
China-Pakistan Economic Corridor Begins from this PortGwadar
28%
Current PresidentMamnoon Hussain
28%
Current Constitution (Year)1973
22%

Score Distribution

Percentile by Number Answered

Percent of People with Each Score

Your Score History

You have not taken this quiz